000
00326nam a22001337a 4500
020
_a
978-0470376256
041
_a
ENG
100
_a
Heathcote.I.S
245
_a
Integrated Watershed Management Principles and Practice
260
_a
New York
_b
John Wiley and Sons
_c
1998
300
_a
414
650
_a
SWCE
856
_u
SWCE (06 )
999
_c
2572
_d
2572